Microsoft Expression Web 4 in depth : updated for Service Pack 2 - HTML 5, CSS 3, JQuery (Record no. 11647)
[ view plain ]
| 000 -LEADER | |
|---|---|
| fixed length control field | 00403nam a22001457a 4500 |
| 082 ## - DEWEY DECIMAL CLASSIFICATION NUMBER | |
| Classification number | 006.78 CHE |
| 100 ## - MAIN ENTRY--PERSONAL NAME | |
| Personal name | Cheshire, Jim |
| 245 ## - TITLE STATEMENT | |
| Title | Microsoft Expression Web 4 in depth : updated for Service Pack 2 - HTML 5, CSS 3, JQuery |
| 250 ## - EDITION STATEMENT | |
| Edition statement | 2nd ed. |
| 260 ## - PUBLICATION, DISTRIBUTION, ETC. | |
| Place of publication, distribution, etc. | USA |
| Name of publisher, distributor, etc. | Que Publishing |
| Date of publication, distribution, etc. | 2013 |
| 300 ## - PHYSICAL DESCRIPTION | |
| Extent | 768p. : |
| 650 ## - SUBJECT ADDED ENTRY--TOPICAL TERM | |
| Topical term or geographic name entry element | Web sites--Authoring programs |
| 700 ## - ADDED ENTRY--PERSONAL NAME | |
| Personal name | Jim Cheshire |
| 942 ## - ADDED ENTRY ELEMENTS (KOHA) | |
| Koha item type | Book |
| Withdrawn status | Lost status | Damaged status | Not for loan | Collection code | Permanent Location | Current Location | Shelving location | Date acquired | Source of acquisition | Cost, normal purchase price | Total Checkouts | Full call number | Barcode | Date last seen | Date last checked out | Price effective from | Koha item type |
|---|---|---|---|---|---|---|---|---|---|---|---|---|---|---|---|---|---|
| Central Library (CL) | Central Library (CL) | First Floor - Machine Learning/Computer Graphics | 03/22/2013 | Allied Book Company | 3330.65 | 2 | 006.78 CHE | SEECS012128 | 09/14/2019 | 05/30/2019 | 03/25/2013 | Book |
